<?xml version="1.0" encoding="UTF-8"?>
<record
    xmlns:xsi="http://www.w3.org/2001/XMLSchema-instance"
    xsi:schemaLocation="http://www.loc.gov/MARC21/slim http://www.loc.gov/standards/marcxml/schema/MARC21slim.xsd"
    xmlns="http://www.loc.gov/MARC21/slim">

  <leader>01130    a2200157   4500</leader>
  <datafield tag="020" ind1=" " ind2=" ">
    <subfield code="a">8449024099</subfield>
  </datafield>
  <datafield tag="082" ind1=" " ind2=" ">
    <subfield code="a">307.76</subfield>
    <subfield code="b">H341c</subfield>
  </datafield>
  <datafield tag="100" ind1=" " ind2=" ">
    <subfield code="a">Harvey, David and Smith, Neil</subfield>
    <subfield code="9">1072</subfield>
  </datafield>
  <datafield tag="245" ind1=" " ind2=" ">
    <subfield code="a">Capital financiero, propiedad inmobiliaria y cultura</subfield>
  </datafield>
  <datafield tag="260" ind1=" " ind2=" ">
    <subfield code="a">Barcelona</subfield>
    <subfield code="b">Universitat Autonoma de Barcelona</subfield>
    <subfield code="c">2005</subfield>
  </datafield>
  <datafield tag="300" ind1=" " ind2=" ">
    <subfield code="a">78 p</subfield>
    <subfield code="c">20 cm</subfield>
  </datafield>
  <datafield tag="505" ind1=" " ind2=" ">
    <subfield code="t">Prologo. Jordi Borja</subfield>
    <subfield code="t">El arte de la renta: globalizacion y mercantilizacion de la cultura. David Harvey.  1. Renta monopolista y competencia. 2. Aventuras en el comercio del vino. 3. Iniciativa emprendedora urbana, renta monopolista y formas mundiales. 4. Capital simbolico colectivo, marcas de distincion y rentas monopolistas. 5. Renta monopolista y espacios de esperanza.</subfield>
    <subfield code="t">El rendimiento de las ciudades: la globalizacion y el urbanismo neoliberal. Neil Smith.  1. El rendimiento de las ciudades: la globalizacion y el urbanismo neoliberal. 2. El urbanismo neoliberal. 3. La ciudad revanchista. 4. Conclusion: revanchismo y nuevo mundialismo.</subfield>
  </datafield>
  <datafield tag="650" ind1=" " ind2=" ">
    <subfield code="a">Globalizacion</subfield>
    <subfield code="x">ciudades </subfield>
    <subfield code="x">politicas urbanas</subfield>
    <subfield code="z">Catalu&#x105;</subfield>
    <subfield code="9">1073</subfield>
  </datafield>
  <datafield tag="700" ind1=" " ind2=" ">
    <subfield code="a">David Harvey</subfield>
    <subfield code="9">1074</subfield>
  </datafield>
  <datafield tag="700" ind1=" " ind2=" ">
    <subfield code="a">Neil Smith</subfield>
    <subfield code="9">1075</subfield>
  </datafield>
  <datafield tag="999" ind1=" " ind2=" ">
    <subfield code="c">230</subfield>
    <subfield code="d">230</subfield>
  </datafield>
  <datafield tag="952" ind1=" " ind2=" ">
    <subfield code="0">0</subfield>
    <subfield code="1">0</subfield>
    <subfield code="2">ddc</subfield>
    <subfield code="4">0</subfield>
    <subfield code="7">0</subfield>
    <subfield code="a">LV</subfield>
    <subfield code="b">LV</subfield>
    <subfield code="c">Pensamiento</subfield>
    <subfield code="d">2014-06-16</subfield>
    <subfield code="l">0</subfield>
    <subfield code="o">307.76 H341c</subfield>
    <subfield code="p">000246</subfield>
    <subfield code="r">2014-06-16 00:00:00</subfield>
    <subfield code="w">2014-06-16</subfield>
    <subfield code="y">01</subfield>
  </datafield>
</record>
